Регионална библиотека "Любен Каравелов" - Русе

Бунтарят на българското кино и театър (Запис номер 492010)

MARC детайли
000 -Лидер
Контролно поле с фиксирана дължина 01403nam a2200337 a 4500
003 - Код на организацията, давaща контролен номер
Контролно поле BLK
005 - Дата и час на последна редакция
Контролно поле 20250618150045.0
008 - Елементи от данни с фиксирана дължина
fixed length control field 230502b bul|||||r ||||||| ||bul||
020 ## - Международен стандартен номер на книга ISBN
Международен стандартен номер на книга ISBN 9786192281427
Поясняваща информация 978-619-2281-42-7
040 ## - Източник на каталожния запис
Идентификатор на билиотеката - собственик на записа BLK
041 ## - Код за език
Код за езика на текст/звукозапис или на отделно заглавие Български
Код за езика КДБФ Български
080 ## - УДК
Текстов определител УДК Българска литература
УДК код - определител по УДК 821.163.2
УДК определител -94
УДК - код + определител 821.163.2-94
080 ## - УДК
Текстов определител УДК Актьори, театрални
УДК код - определител по УДК 792.071.2
УДК определител (497.2)(092)
УДК - код + определител 792.071.2(497.2)(092)
080 ## - УДК
Текстов определител УДК Киноизкуство. Кинофилми
УДК код - определител по УДК 791.43
УДК определител .071.2(497.2)(092)
УДК - код + определител 791.43.071.2(497.2)(092)
080 ## - УДК
Текстов определител УДК Български актьор
УДК код - определител по УДК 929 Слабаков, Петър Петров
УДК - код + определител 929 Слабаков, Петър Петров
100 1# - Редна дума - Автор
Автор Богданова, Светла
R(LIN) 40114
139 ## - Редно поле
Редна дума Богданова, Светла
Авторски знак Бог - Б 54
245 10 - Сведения за заглавието
Заглавие Бунтарят на българското кино и театър
Редно поле (дума) Светла Богданова.
257 ## - Страна на издаване
Страна на създаване/издаване България
260 ## - Област на издателските данни
Място на издаване, разпространение и проч. София
Име на издателя, разпространителя и проч. Издателско ателие АБ
Година на издаване 2023
9 (RLIN) 400619
300 ## - Физическа характеристика
Страници 56 с.
Размери/Мащаб 22 см.
380 ## - Жанр
Жанр Худож. лит.
504 ## - Забележка за наличие на библиография и др
Забележка за наличие на библиография и под. Библиогр.: с. 203-205
600 #0 - Име на лице, използвано като предмет
За него / За нея Слабаков, Петър Петров
Свързани дати 1923-2009
9 (RLIN) 311125
856 4# - Електронен адрес и достъп
Електронен формат pdf - файл
Инструкция (цена за достъп) 0.00
Права за достъп disable
856 4# - Електронен адрес и достъп
Електронен формат pdf - файл
Инструкция (цена за достъп) 0.00
Права за достъп disable
942 ## - АРТИКУЛИ
Вид на библиотечния материал Книги
Скрит в OPAC Не
Периодичен библиозапис Да
Koha issues (borrowed), all copies 11
944 ## - СЪЗДАВАНЕ И РЕДАКЦИЯ на ЗАПИСА
Служител, извършил регистрацията/редакцията 30530
Статус, дата на статуса Минев Младен
999 ## - СИСТЕМНИ КОНТРОЛНИ НОМЕРА
Koha biblionumber 492010
Koha biblioitemnumber 492010
999 ## - СИСТЕМНИ КОНТРОЛНИ НОМЕРА
Koha biblioitemnumber 492010
999 ## - СИСТЕМНИ КОНТРОЛНИ НОМЕРА
Koha biblioitemnumber 490757
Наличности
Код за отписване Код за изгубен артикул Източник на класификационната схема Код за повреда Код за отдаване Артикулен № Име на библиотеката - собственик Име на библиотеката, в която се намира в момента Статус (Текущо местоположение) Дата на вписване в системата Местоположение - отдел Цена в лева Инвентарен номер Систематично азбучна сигнатура Баркод Цена в евро Служебен тип на артикула
  Не е изгубен Universal Decimal Classification Не е повреден заемане за дома 929232 Регионална библиотека "Любен Каравелов" Русе Регионална библиотека "Любен Каравелов" Русе Заемна - подръчен фонд 2023-06-30 Заемна - подръчен фонд 14.40 120000888427 821.163.2-9/Б 54 С 120000888427 7.36 Книги
Vip Innovations Ltd, Rousse, Bulgaria 2025